1842 1942 1193 1074 1559 1139 1722 1362 1410 1274 1928 1153 1223 1972 1544 1998 1626 1423 1683 1044 1876 1410 1707 1655 1027 1275 1058 1887 1062 1467 1105 1993 1402 1551 1915 1326 1779 1388 1508 1603 1973 1490 1306 1312 1233 1975 1243 1070 1384 1731 1217 1089 1793 1482 1522 1836 1965 1525 1702 1640 1616 1274 1582 1505 1968 1266 1291 1180 1835 1384 1749 1851 1545 1984 1212 1182 1237 1688 1803 1787 1427 1955 1409 1802 1798 1599 1406 1259 1826 1198 1866 1867 1838 1923 1746 1410 1763 1892 1500 BCNSPRNW ULIB Ver.6.0+V

เปลี่ยนเป็นภาษาไทย

Change to English
 แสดงรายละเอียดบรรณานุกรม
  กลับหน้าหลัก

Brief Record : Get Marc (ISO 2709) : E-mail record : QR code < ปิดหน้าต่าง
LEADER : 00000nam 2200000uu 4500
001    13399121118
003     ULIB
008    121106s2551||||th 000 0 tha d
020    ^a9789740322306
040    ^avu
050  4 ^aLB1025.3^bพ721ท
100 0  ^aพิมพันธ์ เดชะคุปต์
245 10 ^aทักษะ 5C เพื่อการพัฒนาหน่วยการเรียนรู้และการจัดการเรียนการสอนแบบบูรณาการ /^cโดย พิมพันธ์ เดชะคุปต์, พเยาว์ ยินดีสุข
250    ^aพิมพ์ครั้งที่ 6 ฉบับปรับปรุง
260    ^aกรุงเทพฯ :^bภาควิชาหลักสูตรการสอนและเทคโนโลยีการศึกษา คณะครุศาสตร์ จุฬาลงกรณ์มหาวิทยาลัย,^c2551.
300    ^a235 หน้า
500    ^aถ้าต้องการหนังสือเล่มนี้ในเวลาราชการโปรดแจ้งหมายเลข Main hm ที่เคาน์เตอร์บริการยืม-คืน หรือถ้าเป็นนอกเวลาราชการโปรดติดต่อที่บรรณารักษ์บริการตอบคำถาม
650  7 ^aการสอนแบบผู้เรียนเป็นศูนย์กลาง
650  7 ^aการสอนแบบบูรณาการ
650  7 ^aการสอน
700 0  ^aพเยาว์ ยินดีสุข
710 2  ^aจุฬาลงกรณ์มหาวิทยาลัย.^bคณะครุศาสตร์.^bภาควิชาหลักสูตรการสอนและเทคโนโลยีการศึกษา
945    ^p195^l0^i15935
945    ^p195^l0^i15934
รายการนี้ยังไม่มีแท็ก
คุณยังไม่ได้ล็อกอิน คุณสามารถมีกิจกรรมร่วมกับเว็บไซต์ได้ แต่ต้องล็อกอินก่อน ::
  ล็อกอิน

รายการสื่อสารสนเทศ

ลำดับที่ ประเภท เลขเรียก/บาร์โค้ด สถานที่ สถานะ
1. วิทยาศาสตร์การแพทย์ และสุขภาพ
วิทยาศาสตร์การแพทย์ และสุขภาพ
LB1025.3 พ721ท  
  Barcode: 15935
ห้องสมุดวิทยาเขตสวรรค์ประชารักษ์
►หนังสือทั่วไป
บนชั้น
2. วิทยาศาสตร์การแพทย์ และสุขภาพ
วิทยาศาสตร์การแพทย์ และสุขภาพ
LB1025.3 พ721ท ฉ.2 
  Barcode: 15934
ห้องสมุดวิทยาเขตสวรรค์ประชารักษ์
►หนังสือทั่วไป
บนชั้น

รายการใกล้เคียง
    ผู้แต่ง [พิมพันธ์ เดชะคุปต์]

    หัวเรื่อง [การสอนแบบผู้เรียนเป็นศูนย์กลาง]
    หัวเรื่อง [การสอนแบบบูรณาการ]
    หัวเรื่อง [การสอน]

BibComment


ยังไม่เคยถูกคอมเมนท์

คอมเมนท์ทรัพยากรรายการนี้
  คอมเมนท์: ทักษะ 5C เพื่อกา..


 Copyright 2026. Bcnsprnw @Library